Drevo - surovina 21. storočia v architektúre a stavebníctve 5. konferencia so zahraničnou účasťou : zborník prednášok : 17.-18. október 2005 Smolenice Slovensko

Bibliographic Details
Corporate Author: Drevo - surovina 21. storočia v architektúre a stavebníctve Smolenice, Slovensko
Format: Conference Proceeding Book
Language:Slovak
Czech
PhysicalDescription:145 s. fotogr., grafy, ilustr., tab. 21 cm
Published: Bratislava Adapt 2005
ISBN:8089145027 (brož.)
Edition:1. vyd.
Subjects:

MARC

LEADER 00000nam a2200000 a 4500
001 vtls008985679
003 SK-MaSNL
005 20260302042803.0
008 160114s2005 xo odalf 100 0 slo
015 |a SNBA2007/08-03396 
020 |a 8089145027 (brož.) 
035 |a 790D1F56-625D-4318-932A-C0EBBD2E5CAC 
035 |a urn:nbn:sk:snk-amk3nq 
035 |a urn:nbn:sk:snk-am005d0y 
040 |a SNK  |b slo  |c SNK  |e AACR2 
041 0 |a slo  |a cze  |b eng  |b slo 
044 |a xo  |c SK 
072 7 |a 674  |x Drevo. Drevársky priemysel  |2 konspekt 
080 |a 674.04  |2 2001 
080 |a 72  |2 2001 
080 |a 69  |2 2001 
080 |a (062.534)  |2 2001 
111 2 |a Drevo - surovina 21. storočia v architektúre a stavebníctve  |n (5. :  |d 2005 :  |c Smolenice, Slovensko)  |9 696107 
245 1 0 |a Drevo - surovina 21. storočia v architektúre a stavebníctve  |b 5. konferencia so zahraničnou účasťou : zborník prednášok : 17.-18. október 2005 Smolenice Slovensko 
250 |a 1. vyd. 
260 |a Bratislava  |b Adapt  |c 2005 
300 |a 145 s.  |b fotogr., grafy, ilustr., tab.  |c 21 cm 
500 |a Názov z obalu 
504 |a Bibliogr. odkazy 
546 |a Čiast. text čes. Res. angl., slov. 
650 0 7 |a drevo  |2 SNKPH  |9 3560 
650 0 7 |a architektúra  |2 SNKPH  |9 722 
650 0 7 |a stavebníctvo  |2 SNKPH  |9 726 
655 7 |a zborníky konferencií  |2 SNKPH  |9 70153 
919 |a 80-89145-02-7 
958 |a NB 
958 |a OND 
968 |d 66/69 
999 |c 1084112  |d 1086042 
952 |a SNK  |b SNK  |y PREZ  |7 0  |p 17A0550373  |o snkSC 127760  |i snk2007/11710  |8 0  |0 0  |1 0  |4 0  |d 2007-05-02  |f 1  |l 0  |r 2025-06-17 00:00:00  |w 2026-02-24 
952 |a SNK  |b SNK  |y VYP  |7 0  |p 17A0550374  |o snkSC 127760 D1  |i snk2007/11711  |8 0  |0 0  |1 0  |4 0  |d 2007-05-02  |l 0  |r 2026-02-24 16:35:56  |w 2026-02-24